Les scènes avec des extraterrestres en 25 clics - Statistiques

Statistiques générales
  • Ce quiz a été pris 52 fois
  • Le résultat moyen est 11 sur 25
Statistiques - réponses
Hint Réponse % Correct
Le Gendarme et les Extraterrestres
98%
La Soupe aux choux
93%
Alien, le huitième passager
75%
La Guerre des mondes
73%
Le Cinquième Élément
70%
Paul
61%
Les Clowns tueurs venus d'ailleurs
55%
Premier Contact (Arrival)
52%
J'ai épousé une extra-terrestre (My Stepmother Is an Alien)
45%
Pacific Rim
45%
Sans un bruit 2
43%
Cloverfield
41%
Annihilation
39%
Independence Day
34%
Scary Movie 3
34%
Bad Taste
32%
Signes
32%
K-PAX : l'homme qui vient de loin
30%
Le Blob
30%
Critters
25%
Le Jour où la Terre s'arrêta
25%
Ne jouez pas avec les Martiens
25%
La Folle Histoire de l'espace (Spaceballs)
23%
Prédictions
23%
Dark Skies
16%
Aucun quiz correspondant
Distribution des résultats
% des personnes avec chaque résultat
Percentile par nombre de réponses
Votre historique - résultats
Vous n’avez pas pris ce quiz